000 00848cab a2200289 4500
001 WB3232-32
008 090401t1996 xxu||||| |||| 00| 0 eng d
035 _a(Sirsi) u73776
041 _aeng
245 _aMoD homes bidders reduced to two
260 _c1996
350 _a0
490 _aFinancial Times
_v17&18 August 1996, 4
490 _aWestern Mail
_v19 August 1996, 12
490 _aSunday Telegraph
_v25 Augsut 1996, B1(3)
520 _aGovernment has shortlisted two consortia for the final bid of the troubled sale of the MoD`s married quarters estate.
650 _aBECKWITH GROUP
650 _aDEFENCE PROPERTY
650 _aHOUSING STOCK
650 _aMARRIED QUARTERS
650 _aMINISTRY OF DEFENCE
650 _aNOMURA
650 _aPROPERTY SALES
690 _aHOUSING
942 _n0
948 _c04/03/1997
999 _c46570
_d46570